Da Bandiere a Capitali #2 - Statistics

Statistiche generali
  • Questo quiz è stato fatto 1.853 volte
  • Il punteggio medio è 14 su 20
Statistiche sulle risposte
con Immagini Risposta % Corretto
Londra
99%
Roma
99%
Tokyo
99%
Bruxelles
91%
Stoccolma
90%
Sarajevo
79%
Tunisi
77%
L'Avana
75%
Pyongyang
72%
Nairobi
70%
Wellington
67%
Teheran
66%
Quito
58%
Taipei
58%
Tripoli
58%
Kathmandu
54%
Astana
53%
Dacca
53%
Kinshasa
46%
Suva
33%
Nessun quiz corrispondente trovato
Distribuzione punteggi
Percentuale di utenti per punteggio
Percentile per numero di risposta
I tuoi punteggi nel tempo
Non hai fatto questo quiz